Southville International School and Colleges
Your cart is empty.
  • Cart
  • Lists
    Public lists Eva Luna New books Lux_list list_1
    Your lists Log in to create your own lists
  • Log in to your account
  • Your cookies
  • Search history
Southville International School and Colleges
  • Advanced search
  • Recent comments
  • Most popular
  • Libraries

Log in to your account

Log in with GOOGLE


If you do not have an external account, but do have a local account, you can still log in:

  1. Home
  2. MARC view: Careers of Danger and Daring
Normal view MARC view ISBD view

Careers of Danger and Daring (Record no. 262401)

[ view plain ]
MARC details
000 -LEADER
fixed length control field 00951cam a22002653a 4500
001 - CONTROL NUMBER
control field 33146
003 - CONTROL NUMBER IDENTIFIER
control field PGUSA
005 - DATE AND TIME OF LATEST TRANSACTION
control field 20140828083722.0
008 - FIXED-LENGTH DATA ELEMENTS--GENERAL INFORMATION
fixed length control field 100713s2010||||xxu|||||s|||||000 | eng d
040 ## - CATALOGING SOURCE
Original cataloging agency PGUSA
Language of cataloging eng
042 ## - AUTHENTICATION CODE
Authentication code dc
050 #4 - LIBRARY OF CONGRESS CALL NUMBER
Classification number T
100 1# - MAIN ENTRY--PERSONAL NAME
Personal name Moffett, Cleveland,
Dates associated with a name 1863-1926
245 10 - TITLE STATEMENT
Title Careers of Danger and Daring
Medium [electronic resource] /
Statement of responsibility, etc Cleveland Moffett
260 ## - PUBLICATION, DISTRIBUTION, ETC. (IMPRINT)
Name of publisher, distributor, etc Project Gutenberg,
Date of publication, distribution, etc 2010
505 0# - FORMATTED CONTENTS NOTE
Formatted contents note The steeple-climber -- The deep-sea diver -- The balloonist -- The pilot -- The bridge-builder -- The fireman -- The aërial acrobat -- The wild-beast tamer -- The dynamite worker -- The locomotive engineer.
506 ## - RESTRICTIONS ON ACCESS NOTE
Terms governing access Public domain in the USA.
516 ## - TYPE OF COMPUTER FILE OR DATA NOTE
Type of computer file or data note Electronic text
653 ## - INDEX TERM--UNCONTROLLED
Uncontrolled term Hazardous occupations
700 1# - ADDED ENTRY--PERSONAL NAME
Personal name Varian, George,
Dates associated with a name 1865-1923
700 1# - ADDED ENTRY--PERSONAL NAME
Personal name Hambidge, Jay,
Dates associated with a name 1867-1924
830 #0 - SERIES ADDED ENTRY--UNIFORM TITLE
Uniform title Project Gutenberg
Volume number/sequential designation 33146
856 40 - ELECTRONIC LOCATION AND ACCESS
Uniform Resource Identifier <a href="http://www.gutenberg.org/ebooks/33146">http://www.gutenberg.org/ebooks/33146</a>
942 ## - ADDED ENTRY ELEMENTS (KOHA)
Koha item type eBooks
Holdings
Withdrawn status Lost status Damaged status Home library Current library Date acquired Total Checkouts Date last seen Price effective from Koha item type
      Project Gutenberg Project Gutenberg 08/28/2014   08/28/2014 08/28/2014 eBooks

Careers of Danger and Daring

APA

Moffett C., Varian G. & Hambidge J. (2010). Careers of Danger and Daring. : Project Gutenberg.

Chicago

Moffett Cleveland, Varian George and Hambidge Jay. 2010. Careers of Danger and Daring. : Project Gutenberg.

Harvard

Moffett C., Varian G. and Hambidge J. (2010). Careers of Danger and Daring. : Project Gutenberg.

MLA

Moffett Cleveland, Varian George and Hambidge Jay. Careers of Danger and Daring. : Project Gutenberg. 2010.

  • Place hold
  • Print
  • Cite
  • Add to your cart (remove)
  • Save record
    BIBTEX Dublin Core MARCXML MARC (non-Unicode/MARC-8) MARC (Unicode/UTF-8) MARC (Unicode/UTF-8, Standard) MODS (XML) RIS
  • More searches
    Search for this title in:
    Other Libraries (WorldCat) Other Databases (Google Scholar) Online Stores (Bookfinder.com) Open Library (openlibrary.org)

Exporting to Dublin Core...

SOUTHVILLE LIBRARY

Southville International School and Colleges Library

1281 Tropical Ave. Cor. Luxembourg St., BF Homes International, Las Pinas City

Tel. No. 8256374 / 252358 Loc. 117/146

Powered by Koha